Name all gen 1 Pokemon in alphabetical order - Statistics

General Stats
  • This quiz has been taken 15 times
  • The average score is 95 of 151
Answer Stats
Hint Answer % Correct
9 Blastoise
100%
1 Bulbasaur
100%
6 Charizard
100%
5 Charmeleon
100%
63 Abra
90%
65 Alakazam
90%
144 Articuno
90%
4 Charmander
90%
2 Ivysaur
90%
7 Squirtle
90%
8 Wartortle
90%
142 Aerodactyl
80%
15 Beedrill
80%
69 Bellsprout
80%
12 Butterfree
80%
10 Caterpie
80%
91 Cloyster
80%
107 Hitmonchan
80%
135 Jolteon
80%
64 Kadabra
80%
151 Mew
80%
18 Pidgeot
80%
17 Pidgeotto
80%
16 Pidgey
80%
25 Pikachu
80%
3 Venusaur
80%
145 Zapdos
80%
59 Arcanine
70%
36 Clefable
70%
35 Clefairy
70%
50 Diglett
70%
149 Dragonite
70%
147 Dratini
70%
133 Eevee
70%
22 Fearow
70%
136 Flareon
70%
74 Geodude
70%
76 Golem
70%
93 Haunter
70%
106 Hitmonlee
70%
140 Kabuto
70%
141 Kabutops
70%
14 Kakuna
70%
81 Magnemite
70%
11 Metapod
70%
150 Mewtwo
70%
146 Moltres
70%
34 Nidoking
70%
31 Nidoqueen
70%
29 | 32 Nidoran
70%
30 Nidorina
70%
33 Nidorino
70%
26 Raichu
70%
21 Spearow
70%
13 Weedle
70%
24 Arbok
60%
132 Ditto
60%
85 Dodrio
60%
84 Doduo
60%
148 Dragonair
60%
96 Drowzee
60%
51 Dugtrio
60%
23 Ekans
60%
125 Electabuzz
60%
101 Electrode
60%
102 Exeggcute
60%
103 Exeggutor
60%
83 Farfetch'd
60%
92 Gastly
60%
94 Gengar
60%
44 Gloom
60%
118 Goldeen
60%
75 Graveler
60%
58 Growlithe
60%
97 Hypno
60%
124 Jynx
60%
99 Kingler
60%
131 Lapras
60%
67 Machoke
60%
66 Machop
60%
82 Magneton
60%
122 Mr. Mime
60%
38 Ninetales
60%
43 Oddish
60%
138 Omanyte
60%
139 Omastar
60%
95 Onix
60%
46 Paras
60%
47 Parasect
60%
127 Pinsir
60%
60 Poliwag
60%
61 Poliwhirl
60%
62 Poliwrath
60%
77 Ponyta
60%
137 Porygon
60%
78 Rapidash
60%
112 Rhydon
60%
111 Rhyhorn
60%
27 Sandshrew
60%
28 Sandslash
60%
123 Scyther
60%
90 Shellder
60%
121 Starmie
60%
120 Staryu
60%
128 Tauros
60%
72 Tentacool
60%
134 Vaporeon
60%
71 Victreebel
60%
37 Vulpix
60%
70 Weepinbell
60%
113 Chansey
50%
104 Cubone
50%
87 Dewgong
50%
55 Golduck
50%
88 Grimer
50%
130 Gyarados
50%
116 Horsea
50%
39 Jigglypuff
50%
98 Krabby
50%
68 Machamp
50%
129 Magikarp
50%
126 Magmar
50%
105 Marowak
50%
52 Meowth
50%
89 Muk
50%
53 Persian
50%
54 Psyduck
50%
20 Raticate
50%
19 Rattata
50%
117 Seadra
50%
119 Seaking
50%
86 Seel
50%
143 Snorlax
50%
73 Tentacruel
50%
49 Venomoth
50%
48 Venonat
50%
45 Vileplume
50%
100 Voltorb
50%
40 Wigglytuff
50%
115 Kangaskhan
40%
109 Koffing
40%
108 Lickitung
40%
56 Mankey
40%
57 Primeape
40%
80 Slowbro
40%
79 Slowpoke
40%
110 Weezing
40%
41 Zubat
40%
42 Golbat
30%
114 Tangela
30%
No matching quizzes found
Score Distribution
Percent of People with Each Score
Percentile by Number Answered
Your Score History
You have not taken this quiz